Handbuch Elektromobilität in der Logistik
Salvato in:
| Altri autori: | , , |
|---|---|
| Natura: | Libro |
| Lingua: | tedesco |
| Pubblicazione: |
Berlin
Logos Verlag Berlin
2016
|
| Serie: | Dienstleistungsmanagement in Theorie und Praxis
14 |
| Soggetti: | |
| Tags: |
Nessun Tag, puoi essere il primo ad aggiungerne!!
|
MARC
| LEADER | 00000nam a2200000 4500 | ||
|---|---|---|---|
| 001 | 0234456 | ||
| 005 | 20240313133000.0 | ||
| 020 | |a 978-3-8325-4025-8 | ||
| 022 | |a 1869-6309 | ||
| 041 | 0 | |a ger | |
| 044 | |a DE | ||
| 245 | 1 | 0 | |a Handbuch Elektromobilität in der Logistik |c Matthias Klumpp, Torsten Marner, Stephan Zelewski (Hrsg.) |
| 264 | 1 | |a Berlin |b Logos Verlag Berlin |c 2016 | |
| 300 | |a 238 s. | ||
| 490 | 1 | |a Dienstleistungsmanagement in Theorie und Praxis |v 14 | |
| 830 | 0 | |a Dienstleistungsmanagement in Theorie und Praxis |v 14 | |
| 610 | 2 | 0 | |a zmeny klimatické |
| 610 | 2 | 0 | |a doprava automobilová |
| 610 | 2 | 0 | |a palivá |
| 610 | 2 | 0 | |a zdroje energie alternatívne |
| 610 | 2 | 0 | |a energia elektrická |
| 610 | 2 | 0 | |a elektromobily |
| 610 | 2 | 0 | |a procesy podnikové |
| 610 | 2 | 0 | |a zmeny technologické |
| 610 | 2 | 0 | |a projekty |
| 610 | 2 | 0 | |a spolupráca vedecká |
| 610 | 2 | 0 | |a inštitúcie vzdelávacie |
| 610 | 2 | 0 | |a paradigma |
| 610 | 2 | 0 | |a logistika |
| 610 | 2 | 0 | |a výskum |
| 610 | 2 | 0 | |a modelovanie |
| 610 | 2 | 0 | |a analýzy |
| 700 | 1 | |a Klumpp, Matthias | |
| 700 | 1 | |a Marner, Torsten | |
| 700 | 1 | |a Zelewski, Stephan | |